| 000 | 00390cam a22001575a 4500 | ||
|---|---|---|---|
| 001 | J100936 | ||
| 008 | 000000s1929 xxk 000 0 eng u | ||
| 035 | _a(Sirsi) u100936 | ||
| 110 |
_aSurveyors' Institution _93783 |
||
| 245 | _aRules of examination for 1931 only. | ||
| 260 | _c1929 | ||
| 300 | _a22p. | ||
| 651 | 4 |
_aUnited Kingdom _y |
|
| 690 | _aBusiness and management | ||
| 942 | _n0 | ||
| 999 |
_c99932 _d99932 |
||